[Event "3. Winter-Open 2024"]
[Site "Nuernberg"]
[Date "2024.02.11"]
[Round "4.1"]
[White "Merkel, Luis"]
[Black "Duong, Quang Bach"]
[Result "0-1"]
[WhiteElo "2129"]
[BlackElo "2180"]
[Time "09:00:00"]
[WhiteTeam "SG B�chenbach/Roth e.V."]
[BlackTeam "SF Augsburg"]

1. d4 d5 2. c4 c6 3. Nf3 Nf6 4. e3 e6 5. Nc3 Nbd7 6. Be2 Bd6 7. O-O O-O 8. b3 b6
9. Bb2 Bb7 10. Bd3 Qe7 11. Re1 dxc4 12. Bxc4 e5 13. d5 cxd5 14. Nxd5 Nxd5 15. Bxd5
Bxd5 16. Qxd5 Nf6 17. Qb5 e4 18. Nd2 Rad8 19. Nc4 Bxh2+ 20. Kxh2 Ng4+ 21. Kg3 f5
22. f3 Qg5 23. f4 Qg6 24. Rg1 Ne5+ 25. Kf2 Nd3+ 26. Ke2 Qg4+ 27. Kd2 Nxb2+ 28. Kc3
Nd3 29. Rad1 h5 30. Rd2 Qg6 31. Kc2 Qf6 32. Kb1 Rc8 33. Qd5+ Kh7 34. Rh1 Rc5 35. Qd7
b5 36. Ne5 Nxe5 37. fxe5 Qxe5 38. Rxh5+ Kg8 39. g4 Rc7 40. Qd8 Qc5 41. Qd5+ Qxd5
42. Rxd5 fxg4 43. Rxb5 Rf1+ 44. Kb2 g3 45. Rhg5 Rf2+ 46. Ka3 Rf3 47. Rg4 Rxe3 48. Rbg5
Re7 49. Kb4 Re2 50. a4 e3 51. Rxg3 Rf2 52. Rg1 e2 0-1

[Event "3. Winter-Open 2024"]
[Site "Nuernberg"]
[Date "2024.02.11"]
[Round "4.2"]
[White "Deschler, Arne"]
[Black "Meulner, Fabian"]
[Result "1-0"]
[WhiteElo "2058"]
[BlackElo "2060"]
[Time "09:00:00"]
[WhiteTeam "SC Noris-Tarrasch N�rnberg 1873"]
[BlackTeam "SC J�KLECHEMIE Talente Franken e"]

1. e4 c5 2. Nf3 d6 3. d4 cxd4 4. Nxd4 Nf6 5. Nc3 a6 6. f3 e5 7. Nb3 Be6 8. Be3 h5
9. Qd2 Nbd7 10. O-O-O Be7 11. Nd5 Nxd5 12. exd5 Bf5 13. Bd3 Bxd3 14. Qxd3 Rc8 15. Kb1
Bg5 16. h4 Bxh4 17. g4 Bg5 18. Rxh5 Rxh5 19. gxh5 Bxe3 20. Qxe3 Qf6 21. Qe4 Nc5
22. Qg4 Rc7 23. Nxc5 Rxc5 24. Rd3 Qh6 25. b4 Rc7 26. c4 Qh7 27. Kc2 f5 28. Qh4 Qh6
29. c5 Kd7 30. Rc3 Qf4 31. Qxf4 exf4 32. cxd6 1-0

[Event "3. Winter-Open 2024"]
[Site "Nuernberg"]
[Date "2024.02.11"]
[Round "4.3"]
[White "Meulner, Klaus"]
[Black "Funk, Benno"]
[Result "1-0"]
[WhiteElo "2017"]
[BlackElo "1912"]
[Time "09:00:00"]
[WhiteTeam "SC Schwarz-Wei� N�rnberg S�d e.V"]
[BlackTeam "SGem 1882 F�rth"]

1. d4 Nf6 2. Bf4 d5 3. Nf3 c5 4. e3 Nc6 5. Nbd2 Qb6 6. dxc5 Qxb2 7. Rb1 Qc3 8. Bb5
Qxc5 9. c4 dxc4 10. Bxc4 Nd5 11. Rb5 Nc3 12. Rxc5 Nxd1 13. Rxc6 bxc6 14. Kxd1 f6
15. e4 e5 16. Be3 Bd6 17. Kc2 Ke7 18. Rb1 Rd8 19. Ne1 Be6 20. Nd3 Bxc4 21. Nxc4
Rd7 22. a4 Ke6 23. a5 c5 24. Rb5 a6 25. Rb6 Ke7 26. Rxd6 1-0

[Event "3. Winter-Open 2024"]
[Site "Nuernberg"]
[Date "2024.02.11"]
[Round "4.4"]
[White "Huber, Andreas"]
[Black "Mohylnyi, Stepan"]
[Result "0-1"]
[WhiteElo "1553"]
[BlackElo "2142"]
[Time "09:00:00"]
[WhiteTeam "SK T�ging"]
[BlackTeam "SC Noris-Tarrasch N�rnberg 1873"]

1. e4 e6 2. d4 d5 3. exd5 exd5 4. Nf3 Bd6 5. c3 Ne7 6. Bd3 Nbc6 7. Bg5 f6 8. Bh4
Bg4 9. Nbd2 Qd7 10. h3 Bf5 11. Nf1 O-O-O 12. Bg3 Rde8 13. Kd2 Bxd3 14. Kxd3 f5 15. Bxd6
Qxd6 16. Ne3 h6 17. Kc2 g5 18. Qd3 Qf6 19. Rae1 h5 20. h4 g4 21. Ng5 f4 22. Nd1
Nf5 23. g3 Nfxd4+ 24. Kd2 Ne6 25. Rxe6 Rxe6 26. Nxe6 Qxe6 27. Re1 Ne5 28. Kc2 Nxd3
29. Rxe6 Nc5 30. Re5 fxg3 31. fxg3 Ne4 32. Ne3 Nxg3 33. Nxd5 Rf8 34. Re3 Nf5 35. Ne7+
Nxe7 36. Rxe7 Rg8 37. Re2 g3 38. Rg2 Kd7 39. Kd3 Ke6 40. Ke4 Rg4+ 41. Kf3 Kf5 42. b3
Rf4+ 43. Kxg3 Rg4+ 44. Kh3 Rxg2 45. Kxg2 Kg4 46. a4 c5 47. b4 c4 48. b5 b6 49. Kh2
Kxh4 50. Kg2 Kg4 51. Kf2 Kf4 52. Ke2 Ke4 0-1

[Event "3. Winter-Open 2024"]
[Site "Nuernberg"]
[Date "2024.02.11"]
[Round "4.5"]
[White "Denninger, David"]
[Black "Ratushnyi, Viktor"]
[Result "0-1"]
[WhiteElo "1621"]
[BlackElo "2004"]
[Time "09:00:00"]
[WhiteTeam "SC J�KLECHEMIE Talente Franken e"]
[BlackTeam "SC Schwarz-Wei� N�rnberg S�d e.V"]

1. Nf3 Nf6 2. c4 c5 3. g3 g6 4. b3 Bg7 5. Bb2 Nc6 6. Bg2 O-O 7. O-O d6 8. e3 Bf5
9. d4 Nb4 10. Na3 Qa5 11. Nh4 Be4 12. Bxe4 Nxe4 13. f3 Nf6 14. Qd2 Qc7 15. Nb5 Qc8
16. d5 Na6 17. g4 Nc7 18. Nxc7 Qxc7 19. Rae1 b5 20. cxb5 Qb7 21. e4 Qxb5 22. e5
dxe5 23. Rxe5 Rad8 24. g5 Nxd5 25. Rxd5 Rxd5 26. Qxd5 Bxb2 27. Rd1 Qe2 28. Qd3 Bd4+
29. Kh1 Qxa2 30. b4 a5 31. bxc5 Bxc5 32. f4 Bd6 33. Ng2 Qa3 34. Qd5 Qc5 35. Qd2
Qf5 36. Qf2 a4 37. Ne3 Qe4+ 38. Ng2 Rc8 39. Re1 Qf5 40. Qa2 Rc2 41. Qxa4 Qc8 42. Qe4
Rc1 43. Qe3 Rxe1+ 44. Nxe1 Qc4 45. Nd3 Qc3 46. Kg2 Qc2+ 47. Kg3 Qb3 48. Kf3 Qd1+
49. Qe2 Qa4 50. Qe4 Qa7 51. h3 Qd7 52. Qa8+ Kg7 53. Qa1+ f6 54. Qf1 Qf5 55. gxf6+
exf6 56. h4 g5 57. hxg5 fxg5 58. Qa1+ Kg6 59. Qd4 Qh3+ 60. Ke4 Qg2+ 61. Ke3 Qg1+
62. Ke4 Qxd4+ 63. Kxd4 Bxf4 0-1

[Event "3. Winter-Open 2024"]
[Site "Nuernberg"]
[Date "2024.02.11"]
[Round "4.6"]
[White "Ulusoy, Tolga"]
[Black "Blumenthal, Benjamin"]
[Result "1-0"]
[WhiteElo "1996"]
[BlackElo "1637"]
[Time "09:00:00"]
[WhiteTeam "SC Noris-Tarrasch N�rnberg 1873"]
[BlackTeam "SC Noris-Tarrasch N�rnberg 1873"]

1. e4 e6 2. d4 d5 3. exd5 exd5 4. c4 c6 5. Nc3 h6 6. Nf3 Nf6 7. Be2 Bd6 8. O-O O-O
9. Ne5 dxc4 10. Bxc4 Nbd7 11. f4 Nb6 12. Bb3 Nbd5 13. Qf3 Bc7 14. Bd2 Bb6 15. Ne2
Bf5 16. g4 Ne4 17. Be1 Bh7 18. f5 Ng5 19. Qd3 Qe7 20. Kh1 f6 21. h4 fxe5 22. hxg5
Qxg5 23. Qf3 Kh8 24. Bxd5 cxd5 25. dxe5 Rae8 26. Bg3 d4 27. Nf4 Rd8 28. Ne6 Qe7
29. Nxf8 Rxf8 30. Rae1 Qg5 31. Qf4 Qd8 32. e6 Qd5+ 33. Kh2 Ba5 34. e7 Re8 35. Re5
Qxa2 36. f6 Qxb2+ 37. Rf2 Qb1 38. fxg7+ 1-0

[Event "3. Winter-Open 2024"]
[Site "Nuernberg"]
[Date "2024.02.11"]
[Round "4.7"]
[White "Hollmann, Thomas"]
[Black "Heron, Steve"]
[Result "1-0"]
[WhiteElo "1977"]
[BlackElo "1551"]
[Time "09:00:00"]
[WhiteTeam "SG B�chenbach/Roth e.V."]
[BlackTeam "?"]

1. e4 c5 2. Nf3 d6 3. d4 cxd4 4. Nxd4 a6 5. Nc3 e5 6. Nf3 Be7 7. Be3 Nf6 8. h3 h6
9. g4 Be6 10. Qd2 b5 11. g5 hxg5 12. Nxg5 Nc6 13. Rg1 Kf8 14. f3 d5 15. Qg2 Nh5
16. exd5 Bxd5 17. O-O-O Nf6 18. Nge4 Rh7 19. Nxf6 Bxf6 20. Nxd5 Nd4 21. Nxf6 Qxf6
22. Bxd4 exd4 23. Qg5 Qxf3 24. Bg2 1-0

[Event "3. Winter-Open 2024"]
[Site "Nuernberg"]
[Date "2024.02.11"]
[Round "4.8"]
[White "Frenz, Joachim, Dr."]
[Black "Vogiatzis, Dimitrios"]
[Result "0-1"]
[WhiteElo "1505"]
[BlackElo "1897"]
[Time "09:00:00"]
[WhiteTeam "SC Stein 1998 e.V."]
[BlackTeam "SC Noris-Tarrasch N�rnberg 1873"]

1. d4 e5 2. Nc3 exd4 3. Qxd4 Nc6 4. Qe4+ Be7 5. Bg5 h6 6. Bxe7 Ngxe7 7. Nd5 O-O
8. Nxe7+ Nxe7 9. O-O-O d5 10. Qd4 Be6 11. e4 c5 12. Qa4 a6 13. exd5 Nxd5 14. Qa3
Qg5+ 15. Kb1 Rad8 16. Rc1 Nb4 17. b3 Bf5 18. Nf3 Nxc2 19. Rxc2 Rd1+ 20. Kb2 Qf6+
21. Rc3 Rb1# 0-1

[Event "3. Winter-Open 2024"]
[Site "Nuernberg"]
[Date "2024.02.11"]
[Round "4.9"]
[White "M�ller, Tim"]
[Black "Hotman, Cagan Arhan"]
[Result "0-1"]
[WhiteElo "1200"]
[BlackElo "1855"]
[Time "09:00:00"]
[WhiteTeam "SC Noris-Tarrasch N�rnberg 1873"]
[BlackTeam "SK Ingolstadt"]

1. e4 e5 2. Nf3 Nc6 3. Bc4 Nf6 4. d3 Bc5 5. c3 h6 6. Bb3 d6 7. Be3 Bb6 8. Nbd2 Bg4
9. h3 Bh5 10. g4 Bg6 11. Bxb6 axb6 12. Qe2 Qe7 13. Nh4 Bh7 14. Nf5 Bxf5 15. gxf5
Na5 16. Bc2 d5 17. Nb3 Nc6 18. Qe3 O-O-O 19. f4 Nh5 20. fxe5 Nxe5 21. O-O-O dxe4
22. dxe4 Nc4 23. Qe2 Qg5+ 24. Kb1 Rxd1+ 25. Rxd1 Ne3 26. Re1 Nxc2 27. Kxc2 Nf4 28. Qf3
Rd8 29. Qg4 Ng2 30. Re2 Ne3+ 31. Rxe3 Qxe3 32. f6+ Kb8 33. fxg7 Qd3+ 34. Kc1 h5
35. Qxh5 Qe3+ 36. Kc2 Qxe4+ 37. Kc1 Qh1+ 38. Kc2 Qg2+ 39. Kc1 Qxg7 40. Nd4 c5 41. Qh4
Qg1+ 42. Kc2 Qg2+ 43. Kb3 Qd5+ 44. Kc2 cxd4 0-1

[Event "3. Winter-Open 2024"]
[Site "Nuernberg"]
[Date "2024.02.11"]
[Round "4.10"]
[White "Vennemann, J�rgen"]
[Black "Heemann, Jonas"]
[Result "1-0"]
[WhiteElo "1843"]
[BlackElo "1370"]
[Time "09:00:00"]
[WhiteTeam "SC Hersbruck"]
[BlackTeam "SK N�rnberg 1911 e.V."]

1. e4 Nf6 2. d3 d5 3. Nd2 b6 4. c3 c5 5. Ngf3 Bb7 6. e5 Nfd7 7. d4 cxd4 8. cxd4
Nc6 9. Bd3 e6 10. O-O Be7 11. Re1 Qc8 12. Nf1 Nb4 13. Bb1 f6 14. a3 Na6 15. exf6
Nxf6 16. Qe2 Nc7 17. Bf4 Ne4 18. Bxe4 dxe4 19. N3d2 Nd5 20. Be5 Nf6 21. Rac1 Qd8
22. Rc7 Bd5 23. Qb5+ Kf7 24. Rec1 Kg6 25. Ng3 Bd6 26. Bxf6 Qxf6 27. Ndxe4 Bxe4 28. Qh5# 1-0

[Event "3. Winter-Open 2024"]
[Site "Nuernberg"]
[Date "2024.02.11"]
[Round "4.11"]
[White "Kiehne, Pascal"]
[Black "Kroneder, Christian"]
[Result "0-1"]
[WhiteElo "1541"]
[BlackElo "1984"]
[Time "09:00:00"]
[WhiteTeam "SG B�chenbach/Roth e.V."]
[BlackTeam "SK Schwanstetten 79 e.V."]

1. e4 c5 2. Nf3 d6 3. d4 cxd4 4. Nxd4 Nf6 5. Nc3 a6 6. h3 e5 7. Nf3 Be7 8. g4 h6
9. Rg1 b5 10. g5 hxg5 11. Nxg5 Bb7 12. a4 b4 13. Bc4 bxc3 14. Bxf7+ Kd7 15. Be6+
Kc7 16. Nf7 Qf8 17. Nxh8 Qxh8 18. bxc3 Qh4 19. Be3 Nbd7 20. Rxg7 Re8 21. Qd3 Qxe4
22. Qxe4 Bxe4 23. Bxd7 Kxd7 24. Kd2 Ke6 25. Rb1 Nd5 26. c4 Nxe3 27. fxe3 Rh8 28. Rb6
Rxh3 29. Rxa6 Rh2+ 30. Ke1 Rxc2 31. Ra7 Bh4+ 32. Kf1 Bd3+ 33. Kg1 Bf2+ 34. Kh1 Be4+
35. Kh2 Bxe3+ 36. Kh3 Bxa7 37. Rxa7 Rxc4 38. Rg7 Rxa4 0-1

[Event "3. Winter-Open 2024"]
[Site "Nuernberg"]
[Date "2024.02.11"]
[Round "4.12"]
[White "Liemann, Michael"]
[Black "Frysztacki, Marco"]
[Result "1-0"]
[WhiteElo "1949"]
[BlackElo "1527"]
[Time "09:00:00"]
[WhiteTeam "SC Forchheim e.V."]
[BlackTeam "SV Lauf a.d.P."]

1. e4 e6 2. d4 d5 3. e5 c5 4. c3 Qb6 5. Nf3 Nc6 6. Be2 f6 7. O-O fxe5 8. dxe5 Nge7
9. Re1 Bd7 10. Na3 h6 11. Nb5 Nf5 12. g4 a6 13. Qa4 Na7 14. gxf5 axb5 15. Qh4 exf5
16. e6 Bxe6 17. Bd3 Be7 18. Bg5 O-O 19. Bxe7 Rfe8 20. b4 g5 21. bxc5 1-0

[Event "3. Winter-Open 2024"]
[Site "Nuernberg"]
[Date "2024.02.11"]
[Round "4.13"]
[White "Pilh�fer, Lukas"]
[Black "Ratushna, Olha"]
[Result "1-0"]
[WhiteElo "1900"]
[BlackElo "1477"]
[Time "09:00:00"]
[WhiteTeam "SC Sulzbach-Rosenberg"]
[BlackTeam "SC Schwarz-Wei� N�rnberg S�d e.V"]

1. d4 d5 2. Nf3 Nf6 3. c4 c6 4. Nbd2 Bf5 5. Nh4 Bg6 6. Qb3 dxc4 7. Nxc4 b5 8. Ne5
e6 9. e3 Bd6 10. Nhxg6 hxg6 11. Nf3 a5 12. Qc2 Bb4+ 13. Bd2 Qe7 14. Bd3 Bxd2+ 15. Nxd2
Nd5 16. a3 Qg5 17. g3 Qh5 18. Be2 Qh3 19. Bf3 g5 20. O-O-O b4 21. e4 Nc7 22. d5
O-O 23. d6 Nb5 24. e5 bxa3 25. bxa3 Nd4 26. Qe4 Nxf3 27. Nxf3 Qh6 28. g4 f5 29. exf6
Rxf6 30. d7 Nxd7 31. Rxd7 Rc8 32. Rhd1 Rff8 33. Qe5 Rxf3 34. Rd8+ Rf8 35. Rxc8 Rxc8
36. Rd6 Qf6 37. Qxe6+ Qxe6 38. Rxe6 Rf8 39. Rxc6 Rxf2 40. Rc5 Rxh2 41. Rxa5 Rh1+
42. Kb2 Rh2+ 43. Kb3 Kf7 44. Rxg5 Kf6 45. Rf5+ Kg6 46. a4 Rg2 47. Rf4 Kg5 48. Rc4
Rg1 49. a5 Rb1+ 50. Ka4 Ra1+ 51. Kb5 Rb1+ 52. Rb4 Rxb4+ 53. Kxb4 Kxg4 54. a6 g5
55. a7 Kh3 56. a8=Q g4 57. Qh1+ Kg3 58. Qg1+ Kh3 59. Kc3 g3 60. Kd3 g2 61. Ke3 Kg3
62. Ke4 Kh3 63. Kf4 Kh4 64. Qh2# 1-0

[Event "3. Winter-Open 2024"]
[Site "Nuernberg"]
[Date "2024.02.11"]
[Round "4.14"]
[White "Bruss, Robert"]
[Black "Spear, Jonas"]
[Result "1-0"]
[WhiteElo "1895"]
[BlackElo "1200"]
[Time "09:00:00"]
[WhiteTeam "SV Altensittenbach"]
[BlackTeam "SC J�KLECHEMIE Talente Franken e"]

1. d4 Nf6 2. c4 e6 3. Nc3 Bb4 4. f3 d5 5. a3 Bxc3+ 6. bxc3 O-O 7. cxd5 exd5 8. e3
Re8 9. Bd3 Nbd7 10. Ne2 Nb6 11. O-O Bd7 12. Ng3 Ba4 13. Qe1 Bb3 14. Rb1 Ba4 15. Qf2
Re7 16. e4 c6 17. e5 Nfd7 18. f4 Rc8 19. Qf3 c5 20. Qg4 g6 21. Nf5 Re6 22. Nd6 Kf8
23. f5 Rc6 24. fxg6 hxg6 25. Nxf7 Qc7 26. Nd6+ 1-0

[Event "3. Winter-Open 2024"]
[Site "Nuernberg"]
[Date "2024.02.11"]
[Round "4.15"]
[White "Miller, Renold"]
[Black "Reich, Elisabeth"]
[Result "0-1"]
[WhiteElo "1468"]
[BlackElo "1747"]
[Time "09:00:00"]
[WhiteTeam "SC Rastatt"]
[BlackTeam "ATSV Oberkotzau"]

1. b3 Nf6 2. Bb2 g6 3. e3 Bg7 4. Nf3 d6 5. c4 Nbd7 6. d4 O-O 7. Bd3 Re8 8. d5 Nc5
9. b4 Nxd3+ 10. Qxd3 Bf5 11. Qb3 Bxb1 12. Rxb1 Qd7 13. O-O Rab8 14. Rfd1 e6 15. dxe6
Qxe6 16. Qc3 Nh5 17. Qc2 Nf6 18. Qc3 Red8 19. a3 a6 20. b5 axb5 21. cxb5 Qd7 22. Nd4
Ne4 23. Qd3 Nc5 24. Qc4 Ne6 25. Nxe6 fxe6 26. Bxg7 Kxg7 27. b6 c6 28. Rd3 Qe7 29. Rbd1
d5 30. Qd4+ Kg8 31. Qe5 Ra8 32. e4 Re8 33. exd5 exd5 34. Qxe7 Rxe7 35. Ra1 Ra6 36. Rb3
Re4 37. Kf1 Kf7 38. Re1 Raa4 39. Rxe4 Rxe4 40. Rf3+ Ke6 41. Re3 Rxe3 42. fxe3 Kd6
43. e4 dxe4 44. Ke2 Kc5 45. Ke3 Kxb6 46. Kxe4 Kb5 47. Kd4 c5+ 48. Kc3 Ka4 49. Kb2
b5 50. g3 h6 51. h3 c4 52. Ka2 c3 53. g4 g5 54. h4 gxh4 55. g5 hxg5 56. Kb1 h3 57. Kc2
h2 58. Kb1 h1=Q+ 59. Ka2 Qg2+ 60. Ka1 Qb2# 0-1

[Event "3. Winter-Open 2024"]
[Site "Nuernberg"]
[Date "2024.02.11"]
[Round "4.16"]
[White "Antipka, Gherman"]
[Black "Waschner, Richard"]
[Result "1-0"]
[WhiteElo "1450"]
[BlackElo "1673"]
[Time "09:00:00"]
[WhiteTeam "SC J�KLECHEMIE Talente Franken e"]
[BlackTeam "Spvg Zabo-Eintracht N�rnberg e.V"]

1. e4 d6 2. Nf3 Nf6 3. Nc3 g6 4. Bc4 Bg7 5. d3 O-O 6. h3 Nc6 7. a4 e5 8. Be3 b6
9. Qd2 Re8 10. O-O Bb7 11. Ng5 Re7 12. f4 Na5 13. Ba2 h6 14. fxe5 dxe5 15. Nxf7
Rxf7 16. Bxf7+ Kxf7 17. Bxh6 Qh8 18. Bxg7 Qxg7 19. b4 Rd8 20. bxa5 Ke6 21. Qe3 Nh5
22. Ne2 g5 23. Rf5 Nf4 24. Nxf4+ gxf4 25. Qe2 Bc8 26. Qg4 Qxg4 27. hxg4 Rg8 28. g5
Rg6 29. axb6 cxb6 30. Rb1 Kd6 31. Rf6+ Rxf6 32. gxf6 Bd7 33. a5 b5 34. Kf2 Ke6 35. g3
fxg3+ 36. Kxg3 Kxf6 37. Kf3 a6 38. Rh1 Kg5 39. Rh7 Bg4+ 40. Ke3 1-0

[Event "3. Winter-Open 2024"]
[Site "Nuernberg"]
[Date "2024.02.11"]
[Round "4.17"]
[White "Mankus, Siegfried"]
[Black "Fridlin, Daniel"]
[Result "0-1"]
[WhiteElo "1448"]
[BlackElo "1663"]
[Time "09:00:00"]
[WhiteTeam "Spvg Zabo-Eintracht N�rnberg e.V"]
[BlackTeam "SC Noris-Tarrasch N�rnberg 1873"]

1. d4 Nf6 2. c4 g6 3. Nc3 Bg7 4. e4 d6 5. Nf3 O-O 6. Be2 c5 7. d5 e6 8. O-O exd5
9. exd5 Bf5 10. Bf4 Ne4 11. Rc1 Nxc3 12. bxc3 Qc7 13. Bd3 Bg4 14. Re1 Nd7 15. h3
Bxf3 16. Qxf3 Ne5 17. Bxe5 Bxe5 18. g4 Rae8 19. h4 Qe7 20. Qh3 Qf6 21. g5 Qd8 22. h5
Qxg5+ 23. Kh1 Qf4 24. hxg6 fxg6 25. Qg2 Qxf2 26. Qxf2 Rxf2 27. Re2 Ref8 28. Rcc2
Rxe2 29. Rxe2 Rf3 30. Bxg6 hxg6 31. Rb2 Rxc3 32. Rxb7 Rc1+ 33. Kg2 Rc2+ 34. Kf3
Rxa2 35. Kg4 Rg2+ 36. Kf3 Rg3+ 37. Ke4 a5 38. Rb8+ Kg7 39. Rg8+ Kf6 40. Rf8+ Kg5
41. Rf2 Rg4+ 42. Kd3 Rd4+ 43. Ke3 Rxc4 44. Ra2 a4 0-1

[Event "3. Winter-Open 2024"]
[Site "Nuernberg"]
[Date "2024.02.11"]
[Round "4.18"]
[White "Ratushnyi, Artur"]
[Black "Koellner, Ulrich"]
[Result "1-0"]
[WhiteElo "1318"]
[BlackElo "1661"]
[Time "09:00:00"]
[WhiteTeam "SC Schwarz-Wei� N�rnberg S�d e.V"]
[BlackTeam "SV 1920 Hofheim"]

1. e4 c6 2. d4 d5 3. exd5 cxd5 4. Nf3 Nf6 5. Nc3 Bg4 6. Bb5+ Nc6 7. O-O e6 8. a3
Bd6 9. Re1 O-O 10. Bxc6 bxc6 11. Bg5 Rb8 12. b3 Be7 13. Qd3 Bxf3 14. Qxf3 Qc7 15. Na4
Ne4 16. Bxe7 Qxe7 17. Nc3 Nd6 18. a4 Nf5 19. Qxf5 1-0

[Event "3. Winter-Open 2024"]
[Site "Nuernberg"]
[Date "2024.02.11"]
[Round "4.19"]
[White "Biesler, Tobias"]
[Black "Kessler, Georg"]
[Result "1-0"]
[WhiteElo "1200"]
[BlackElo "1658"]
[Time "09:00:00"]
[WhiteTeam "SC Sulzbach-Rosenberg"]
[BlackTeam "SC Sulzbach-Rosenberg"]

1. e4 e5 2. Nf3 Nf6 3. d4 Nxe4 4. Nxe5 d5 5. Bd3 Bd6 6. O-O O-O 7. Nc3 Nxc3 8. bxc3
Bxe5 9. Qh5 Bxh2+ 10. Qxh2 g6 11. Re1 Nd7 12. Bh6 b6 13. Bb5 c5 14. Bxf8 Qxf8 15. Bc6
Rb8 16. Qc7 cxd4 17. Bxd7 1-0

[Event "3. Winter-Open 2024"]
[Site "Nuernberg"]
[Date "2024.02.11"]
[Round "4.20"]
[White "Hahn, Thomas"]
[Black "Assem Gawdat Azmy, Mostafa"]
[Result "1/2-1/2"]
[WhiteElo "1642"]
[BlackElo "1200"]
[Time "09:00:00"]
[WhiteTeam "Spvg Zabo-Eintracht N�rnberg e.V"]
[BlackTeam "SC Erlangen 48/88"]

1. e4 c5 2. Nf3 d6 3. d4 cxd4 4. Nxd4 Nf6 5. Nc3 a6 6. Be2 e5 7. Nb3 Be6 8. f3 Be7
9. Be3 Nbd7 10. O-O O-O 11. a4 Nb6 12. a5 Nc4 13. Bxc4 Bxc4 14. Rf2 d5 15. Bb6 Qc8
16. Nxd5 Nxd5 17. exd5 Bxb3 18. d6 Bxd6 19. Qxd6 Qe6 20. Rd1 Qxd6 21. Rxd6 Ba4 22. b3
Bc6 23. c4 Rfe8 24. Rfd2 f5 25. Kf2 Kf7 26. h4 Re6 27. g3 Rae8 28. R6d3 e4 29. fxe4
fxe4 30. Re3 Rf6+ 31. Kg2 Rf3 32. Rf2 Kg6 33. Rd2 Ref8 34. Rde2 Kh5 35. Re1 Kg4
36. R1e2 R8f7 37. b4 Rxe3 38. Rxe3 Rf5 39. Bd4 g6 40. Bb6 h5 41. Bc7 Rf7 42. Bb6
Rd7 43. b5 Rd2+ 44. Kg1 axb5 45. cxb5 Bd5 46. a6 bxa6 47. bxa6 Rd3 48. Kf2 Rd2+
49. Re2 Rxe2+ 50. Kxe2 Kxg3 51. Bd8 Kf4 52. a7 Bc4+ 53. Ke1 Bd5 54. Bg5+ Kf3 55. Bd8
e3 56. Bg5 e2 57. Bd8 Ke3 58. Bg5+ Kd3 59. Bd8 Bf3 60. Bg5 Ba8 61. Bd8 Bf3 62. Bg5
Kc4 63. Bd8 Kb5 64. Bg5 1/2-1/2

[Event "3. Winter-Open 2024"]
[Site "Nuernberg"]
[Date "2024.02.11"]
[Round "4.21"]
[White "Kaza, Charith"]
[Black "Schl�tterer, Hermann"]
[Result "0-1"]
[WhiteElo "1393"]
[BlackElo "1788"]
[Time "09:00:00"]
[WhiteTeam "SC Noris-Tarrasch N�rnberg 1873"]
[BlackTeam "Spvg Zabo-Eintracht N�rnberg e.V"]

1. e4 d5 2. exd5 Qxd5 3. Nc3 Qd6 4. d4 Nf6 5. h3 g6 6. Nf3 Bg7 7. Be3 O-O 8. Bc4
c6 9. O-O b5 10. Bb3 a5 11. a3 Bb7 12. Ne2 Nd5 13. Bd2 Nd7 14. Nc3 N7f6 15. Re1
Rfe8 16. Rb1 Qc7 17. Ng5 Rad8 18. Nxd5 cxd5 19. Qe2 Qb6 20. Red1 Ne4 21. Nxe4 dxe4
22. Bc3 e6 23. Qe1 Ra8 24. d5 Bxc3 25. Qxc3 Bxd5 26. Bxd5 exd5 27. Rxd5 e3 28. fxe3
Rxe3 29. Qc5 Re6 30. Qxb6 Rxb6 31. Rbd1 Kg7 32. Rc5 Ra7 33. Rdd5 Rab7 34. b3 Kf6
35. Rd4 Re7 36. Kf2 Kg7 37. Rd8 Rf6+ 38. Kg3 Re3+ 39. Kh2 Rf2 40. Rxb5 Rxc2 41. Rd7
Ree2 42. Rbb7 Rxg2+ 43. Kh1 Rgf2 44. Kg1 Rf3 45. h4 Rcf2 46. Rd5 Rb2 47. Rxa5 Rfxb3
48. Rxb3 Rxb3 49. Ra8 Kh6 50. a4 Kh5 51. a5 Kg4 52. Kf1 Kf3 53. Ke1 Ra3 54. a6 Kg4
55. Rh8 h5 56. Ra8 Kxh4 57. a7 g5 58. Kf2 g4 59. Kg2 f5 60. Rf8 Rxa7 61. Rxf5 Ra2+
62. Kg1 Kg3 63. Kf1 h4 64. Rh5 h3 65. Rh6 h2 66. Rh8 Ra1+ 67. Ke2 h1=Q 68. Rxh1
Rxh1 69. Ke3 Re1+ 70. Kd2 Kf2 71. Kd3 g3 72. Kd2 g2 73. Kd3 g1=R 74. Kd2 Rg8 75. Kd3
Rd8+ 76. Kc2 Re7 77. Kc3 Rc7+ 78. Kb4 Rb8+ 79. Ka5 Ra7# 0-1

[Event "3. Winter-Open 2024"]
[Site "Nuernberg"]
[Date "2024.02.11"]
[Round "4.22"]
[White "Killmann, Reinmar, Dr."]
[Black "Ayhan, Elian"]
[Result "1-0"]
[WhiteElo "1749"]
[BlackElo "1365"]
[Time "09:00:00"]
[WhiteTeam "SC J�KLECHEMIE Talente Franken e"]
[BlackTeam "BSG W�hrlhaus Erlangen"]

1. e4 c6 2. d4 d5 3. exd5 cxd5 4. Bd3 Nc6 5. c3 Nf6 6. h3 e6 7. Bf4 Qa5 8. Nf3 Bd7
9. O-O Be7 10. Nbd2 O-O 11. Re1 Qb6 12. Qb1 Na5 13. Ne5 Bb5 14. a4 Bxd3 15. Qxd3
Rac8 16. Qb5 Nc6 17. Bg5 Qc7 18. Qd3 Rfe8 19. Kh1 Nxe5 20. dxe5 Ng4 21. hxg4 Bxg5
22. Nf3 Be7 23. Nd4 a6 24. g3 Qb6 25. Re2 Rc4 26. f4 Qc7 27. Rh2 g6 28. g5 Rb8 29. Kg2
Kg7 30. g4 Qd7 31. Rah1 Rh8 32. Rh6 Qc8 33. Qh3 Qg8 34. b3 Rc7 35. Kf2 Kf8 36. Ke2
Qg7 37. Kd3 Bxg5 38. fxg5 Qxe5 39. Qh2 Qe4+ 40. Kd2 e5 41. Ne2 d4 42. Nxd4 Rd7 43. Re1
Rxd4+ 44. cxd4 Qxd4+ 45. Kc2 Kg7 46. Qxe5+ Qxe5 47. Rxe5 Rc8+ 48. Kb2 Rc7 49. Rh3 1-0

[Event "3. Winter-Open 2024"]
[Site "Nuernberg"]
[Date "2024.02.11"]
[Round "4.23"]
[White "Junge, Fabian"]
[Black "Atturi, Sathwik Reddy"]
[Result "1-0"]
[WhiteElo "1703"]
[BlackElo "1332"]
[Time "09:00:00"]
[WhiteTeam "SV W�rzburg von 1865 e.V."]
[BlackTeam "Spvg Zabo-Eintracht N�rnberg e.V"]

1. e4 e5 2. Nf3 Nc6 3. Nc3 Nf6 4. d4 exd4 5. Nxd4 Bb4 6. Nxc6 bxc6 7. Bd3 Bxc3+
8. bxc3 O-O 9. O-O h6 10. h3 Re8 11. Qf3 Bb7 12. Rb1 Rb8 13. Bf4 Ba8 14. Rxb8 Qxb8
15. Bxh6 Re6 16. Bg5 Nh7 17. Bd2 Qb2 18. Bc4 Rf6 19. Qd3 Rd6 20. Qf3 Rf6 21. Qd1
d5 22. exd5 cxd5 23. Bb3 c5 24. Qb1 Qxb1 25. Rxb1 Bc6 26. c4 d4 27. Re1 Rg6 28. g3
Nf6 29. c3 d3 30. Be3 Nd7 31. Rd1 Ne5 32. Rb1 Nf3+ 33. Kf1 d2 34. Bc2 f5 35. Ke2
Rd6 36. Bxc5 Rd8 37. Bxf5 Nh2 38. Bg4 Be4 39. Rd1 Nf1 40. Bd4 Re8 41. Kxf1 Bd3+
42. Kg2 Re1 43. Rxd2 Bf1+ 44. Kf3 Bxc4 45. Kf4 Re8 46. Rb2 Bd5 47. Re2 Rc8 48. Bxc8
Bc4 49. Be6+ Bxe6 50. Rxe6 Kf7 51. Kf5 a5 52. Bxg7 Kxg7 53. Rf6 a4 54. a3 Kh7 55. Rf7+
Kh8 56. Kg6 Kg8 57. Rf5 Kh8 58. Rf8# 1-0

[Event "3. Winter-Open 2024"]
[Site "Nuernberg"]
[Date "2024.02.11"]
[Round "4.24"]
[White "Bharathula, Agasthya"]
[Black "Nesmjanowitsch, Julia"]
[Result "0-1"]
[WhiteElo "1318"]
[BlackElo "1666"]
[Time "09:00:00"]
[WhiteTeam "SC Noris-Tarrasch N�rnberg 1873"]
[BlackTeam "SC J�KLECHEMIE Talente Franken e"]

1. e4 e5 2. Nc3 Bc5 3. Bc4 Nf6 4. d3 O-O 5. Be3 Bb6 6. Nge2 d6 7. O-O Nc6 8. h3
Be6 9. Bb3 Qd7 10. Bxe6 fxe6 11. Qd2 Nd4 12. f4 Nxe2+ 13. Qxe2 Bxe3+ 14. Qxe3 exf4
15. Rxf4 e5 16. Rf3 a6 17. Raf1 Rae8 18. Qf2 Re7 19. Nd5 Ref7 20. Qg3 Nxd5 21. Rxf7
Rxf7 22. exd5 Rxf1+ 23. Kxf1 Qf7+ 24. Qf3 Qxf3+ 25. gxf3 Kf7 26. Kg2 Kg6 27. Kg3
Kg5 28. h4+ Kf5 29. b4 h5 30. c4 g5 31. hxg5 Kxg5 32. c5 h4+ 33. Kf2 Kf4 34. a4
b6 35. b5 a5 36. cxd6 cxd6 37. Kg2 h3+ 38. Kxh3 Kxf3 39. Kh4 Ke3 40. Kg3 Kxd3 41. Kf3
e4+ 42. Kf2 Kd2 43. Kg2 e3 44. Kf3 e2 45. Kg2 e1=Q 46. Kf3 Qe5 47. Kg4 Qf6 48. Kg3
Qf5 49. Kg2 Ke2 50. Kg3 Qg5+ 51. Kh3 Kf3 52. Kh2 Qg2# 0-1